Statistics for Biggest English-Speaking Cities Quiz

Click here to take the quiz!

General Stats

  • This quiz has been taken 84,363 times
    (17,876 since last reset)
  • The average score is 22 of 33

Answer Stats

Population City % Correct
22.4 milNew York City
99%
14.7 milLondon
99%
17.8 milLos Angeles
96%
9.8 milChicago
90%
6.4 milMiami
85%
5.2 milSydney
85%
7.9 milSan Francisco
84%
7.1 milDallas
83%
8.6 milWashington D.C. / Baltimore
82%
3.1 milManchester
82%
6.6 milHouston
81%
7.7 milBoston
80%
7.4 milToronto
80%
4.4 milSeattle
77%
4.9 milMelbourne
75%
7.4 milPhiladelphia
72%
2.8 milVancouver
69%
3.1 milBirmingham
68%
3.3 milSan Diego
67%
5.8 milAtlanta
67%
5.7 milDetroit
64%
4.6 milPhoenix
61%
3.7 milDenver
59%
13.7 milJohannesburg
56%
4.2 milCape Town
54%
3.1 milBrisbane
47%
3.4 milOrlando
46%
3.2 milMinneapolis
44%
3.1 milCleveland
40%
7.8 milSingapore
39%
4.3 milTampa
35%
2.8 milCincinnati
30%
3.4 milDurban
26%

Score Distribution

Percentile by Number Answered

Percent of People with Each Score

Your Score History

You have not taken this quiz since the last reset